Computer forensics : (Record no. 4657)

000 -LEADER
fixed length control field nam a22 a 4500
005 - DATE AND TIME OF LATEST TRANSACTION
control field 20170727103346.0
008 - FIXED-LENGTH DATA ELEMENTS--GENERAL INFORMATION
fixed length control field 170727t2013 -uk||||| |||| 00| 0 eng d
020 ## - INTERNATIONAL STANDARD BOOK NUMBER
International Standard Book Number 9780071742450 (pbk.) :
Terms of availability RM152.90
040 ## - CATALOGING SOURCE
Original cataloging agency AKMAL
082 ## - DEWEY DECIMAL CLASSIFICATION NUMBER
Classification number 363.25968 COW
090 ## - LOCALLY ASSIGNED LC-TYPE CALL NUMBER (OCLC); LOCAL CALL NUMBER (RLIN)
Classification number (OCLC) (R) ; Classification number, CALL (RLIN) (NR) 363.25968
Local cutter number (OCLC) ; Book number/undivided call number, CALL (RLIN) COW
100 1# - MAIN ENTRY--PERSONAL NAME
Personal name Cowen, David.
9 (RLIN) 8973
245 10 - TITLE STATEMENT
Title Computer forensics :
Remainder of title infoSec Pro guide /
Statement of responsibility, etc. David Cowen.
260 1# - PUBLICATION, DISTRIBUTION, ETC.
Place of publication, distribution, etc. New York :
Name of publisher, distributor, etc. McGraw-Hill,
Date of publication, distribution, etc. [2013]
300 ## - PHYSICAL DESCRIPTION
Extent xxiii, 318 pages ;
Other physical details ill.:
Dimensions 23 cm.
599 ## - LOCAL NOTE
Local Note DALAM PROSES
650 0# - SUBJECT ADDED ENTRY--TOPICAL TERM
Topical term or geographic name entry element Computer crimes
General subdivision Investigation
9 (RLIN) 4259
650 0# - SUBJECT ADDED ENTRY--TOPICAL TERM
Topical term or geographic name entry element Computer security.
9 (RLIN) 734
650 0# - SUBJECT ADDED ENTRY--TOPICAL TERM
Topical term or geographic name entry element Forensic sciences.
9 (RLIN) 4617
942 ## - ADDED ENTRY ELEMENTS (KOHA)
Source of classification or shelving scheme
Koha item type Book
950 ## - LOCAL HOLDINGS (RLIN)
Permanent shelving location, LOC (RLIN) AKMAL
Holdings
Withdrawn status Lost status Source of classification or shelving scheme Damaged status Not for loan Collection code Home library Current library Shelving location Date acquired Inventory number Total Checkouts Full call number Barcode Date last seen Price effective from Koha item type
          NON-FICTION AKMAL Melaka AKMAL Melaka PINJAMAN 27.07.2017 307158   363.25968 COW 201707500 27.07.2017 27.07.2017 Book
          NON-FICTION AKMAL Melaka AKMAL Melaka PINJAMAN 27.07.2017 307159   363.25968 COW 201707501 27.07.2017 27.07.2017 Book
Pusat Sumber Maklumat Dato' Haji Sarmin Md Hussin, Akademi Kastam Diraja Malaysia, Melaka
Tel: 06-2331106 | Faks: 06-2313787